[Event "Cannes team g/60"]
[Site "Cannes"]
[Date "1992.??.??"]
[Round "4"]
[White "Fedorowicz, John P"]
[Black "Ree, Hans"]
[Result "1/2-1/2"]
[WhiteElo "2530"]
[BlackElo "2455"]
[PlyCount "115"]
[EventDate "1992.02.??"]
[Source "ChessBase"]

1. e4 c5 2. Nf3 Nc6 3. d4 cxd4 4. Nxd4 g6 5. c4 Nf6 6. Nc3 Nxd4 7. Qxd4 d6 8. Be2 Bg7 9. O-O O-O 10. Qd3 a6 11. Bd2 Bd7 12. Qe3 Rb8 13. b4 b5 14. cxb5 axb5 15. f4 Bc6 16. a4 d5 17. exd5 Nxd5 18. Nxd5 Qxd5 19. Bf3 Qd6 20. Bc3 Bxc3 21. Qxc3 Bxf3 22. Qxf3 bxa4 23. Rxa4 Rxb4 24. Rxb4 Qxb4 25. f5 Qc5+ 26. Qf2 Qxf5 27. Qxf5 gxf5 28. Rxf5 f6 29. g4 Kg7 30. Kg2 Ra8 31. Kg3 Ra3+ 32. Kh4 Kg6 33. Rb5 e5 34. Rb8 Ra4 35. Rg8+ Kf7 36. Rh8 Kg7 37. Re8 Ra3 38. Re7+ Kg6 39. Re8 Rf3 40. Rg8+ Kf7 41. Rh8 Kg7 42. Re8 h6 43. h3 Kf7 44. Rh8 e4 45. Rh7+ Kg6 46. Re7 e3 47. Re8 Kf7 48. Re4 h5 49. Ra4 Ke6 50. gxh5 Kd5 51. Ra1 Rf4+ 52. Kg3 Re4 53. h6 Re7 54. Kf3 Kd4 55. Rd1+ Kc3 56. Re1 Kd2 57. Re2+ Kd3 58. h7 1/2-1/2

[Event "Toledo"]
[Site "?"]
[Date "1986.??.??"]
[Round "6"]
[White "Illescas"]
[Black "Georgadze, T."]
[Result "1/2-1/2"]
[WhiteElo "2475"]
[BlackElo "2505"]
[PlyCount "81"]
[EventDate "1986.??.??"]
[Source "www.chesslib.no"]
[SourceDate "2004.05.04"]

1. e4 c5 2. Nf3 Nc6 3. d4 cxd4 4. Nxd4 g6 5. c4 Nf6 6. Nc3 Nxd4 7. Qxd4 d6 8. Bg5 Bg7 9. f3 Be6 10. Rc1 a6 11. b3 Rc8 12. Qd2 O-O 13. Be2 Nd7 14. O-O Re8 15. Nd5 Nc5 16. Kh1 a5 17. Rfd1 Ra8 18. Bf1 Bxd5 19. cxd5 Qd7 20. Qe2 Rec8 21. Qb5 Qxb5 22. Bxb5 Kf8 23. Rc2 Na6 24. Rdc1 Rxc2 25. Rxc2 Nc5 26. Be3 b6 27. Kg1 h6 28. Kf2 Rb8 29. Ke2 g5 30. h3 Be5 31. g4 e6 32. Bc6 Ke7 33. Rc4 Bf4 34. Bf2 Kd8 35. h4 Kc7 36. h5 Be5 37. Bb5 Kd8 38. Bc6 Kc7 39. Be3 Bf4 40. Bg1 Be5 41. b4 1/2-1/2

[Event "Thessaloniki ol (Men)"]
[Site "Thessaloniki GRE"]
[Date "1988.??.??"]
[Round "6"]
[White "Campora, Daniel H"]
[Black "Muco, Fatos"]
[Result "1-0"]
[WhiteElo "2540"]
[BlackElo "2435"]
[PlyCount "81"]
[EventDate "1988.11.??"]
[Source "www.chesslib.no"]
[SourceDate "2004.05.04"]

1. e4 c5 2. Nf3 Nc6 3. d4 cxd4 4. Nxd4 g6 5. c4 Nf6 6. Nc3 Nxd4 7. Qxd4 d6 8. Bg5 Bg7 9. Be2 O-O 10. Qd2 Be6 11. f3 a6 12. O-O Rc8 13. Nd5 Nxd5 14. cxd5 Bd7 15. Kh1 Re8 16. Be3 Qc7 17. Bd3 e6 18. Rfc1 Qb8 19. Bc4 e5 20. Bb6 Bf6 21. a4 Bd8 22. Be3 b5 23. axb5 axb5 24. Bf1 Rxc1 25. Rxc1 Bb6 26. b4 Qa7 27. Bxb6 Qxb6 28. h4 f6 29. Ra1 Rc8 30. Kh2 Be8 31. Ra3 Qd8 32. Ra6 Ra8 33. Ra5 Rb8 34. Qe3 Ra8 35. Rxa8 Qxa8 36. Qb6 Qa1 37. Qb8 Kf7 38. Qxd6 Qxf1 39. Qe6+ Kf8 40. d6 Bf7 41. Qxf6 1-0

[Event "CSR Team Ch 9091"]
[Site "Czekhoslovakia"]
[Date "1991.02.03"]
[Round "8.1"]
[White "Ftacnik, Lubomir"]
[Black "Sikora-Lerch, Jan"]
[Result "1/2-1/2"]
[WhiteElo "2590"]
[BlackElo "2380"]
[PlyCount "95"]
[EventDate "1990.??.??"]
[Source "www.chesslib.no"]
[SourceDate "2004.05.04"]

1. Nf3 c5 2. c4 g6 3. d4 cxd4 4. Nxd4 Nc6 5. e4 Nf6 6. Nc3 Nxd4 7. Qxd4 d6 8. Be3 Bg7 9. f3 O-O 10. Qd2 Be6 11. Rc1 Qa5 12. b3 Rfc8 13. Be2 a6 14. Na4 Qxd2+ 15. Kxd2 Nd7 16. h4 Rc6 17. h5 f5 18. Nc3 Bxc3+ 19. Rxc3 fxe4 20. hxg6 hxg6 21. Bd4 Nf6 22. Bxf6 exf6 23. fxe4 Rc7 24. Rd1 Kf7 25. Ke3 Ke7 26. Rh1 Rf8 27. Rh6 g5 28. Bh5 Rd7 29. Kd4 b6 30. Bg6 a5 31. Bf5 Rf7 32. Rh8 Rb7 33. a4 Kd7 34. Rch3 Bxf5 35. exf5 Kc6 36. Re3 Rbe7 37. Rc8+ Kd7 38. Ra8 Rxe3 39. Kxe3 Re7+ 40. Kd3 Re5 41. Ra7+ Kc6 42. g4 Re1 43. Rf7 Rg1 44. Rxf6 Rxg4 45. Rg6 Rg3+ 46. Kc2 g4 47. f6 Rf3 48. Rxg4 1/2-1/2

[Event "Cutro op"]
[Site "Cutro"]
[Date "2000.??.??"]
[Round "3"]
[White "Zelcic, Robert"]
[Black "Dragojlovic, Andjelko"]
[Result "1/2-1/2"]
[WhiteElo "2529"]
[BlackElo "2437"]
[PlyCount "90"]
[EventDate "2000.??.??"]
[Source "www.chesslib.no"]
[SourceDate "2004.05.04"]

1. e4 c5 2. Nf3 g6 3. d4 cxd4 4. Nxd4 Nc6 5. c4 Nf6 6. Nc3 Nxd4 7. Qxd4 d6 8. Be2 Bg7 9. Bg5 O-O 10. Qd2 Qa5 11. Rc1 Be6 12. f3 Rfc8 13. Nd5 Qxd2+ 14. Kxd2 Kf8 15. Nxf6 Bxf6 16. Bxf6 exf6 17. g4 g5 18. h4 h6 19. f4 gxf4 20. Rhf1 f3 21. Rxf3 Bxg4 22. Rxf6 Ke7 23. Rxh6 Bxe2 24. Kxe2 b5 25. Kd3 bxc4+ 26. Rxc4 Rxc4 27. Kxc4 Rc8+ 28. Kd3 Rc5 29. b4 Rb5 30. Kc3 a5 31. a3 axb4+ 32. axb4 Re5 33. Rh8 Rxe4 34. h5 Rh4 35. h6 d5 36. b5 Kd6 37. Rc8 Kd7 38. Rc6 f5 39. Kd3 f4 40. Rf6 Kc7 41. Kd4 f3+ 42. Ke3 Rh3 43. Kf2 d4 44. b6+ Kb7 45. Rd6 Ka6 1/2-1/2

[Event "Maribor"]
[Site "?"]
[Date "1977.??.??"]
[Round "2"]
[White "Kirov Nino"]
[Black "Parma Bruno"]
[Result "1/2-1/2"]
[WhiteElo "2435"]
[BlackElo "2530"]
[PlyCount "44"]
[EventDate "1977.??.??"]
[Source "www.chesslib.no"]
[SourceDate "2004.05.04"]

1. e4 c5 2. Nf3 Nc6 3. d4 cxd4 4. Nxd4 g6 5. c4 Nf6 6. Nc3 Nxd4 7. Qxd4 d6 8. Be2 Bg7 9. O-O O-O 10. Qe3 Bd7 11. Bd2 a5 12. Rac1 Bc6 13. b3 Nd7 14. Nd5 e6 15. Nc3 Nc5 16. Rfd1 Qe7 17. Bf3 Be5 18. Ne2 Rfd8 19. Bc3 Bxc3 20. Nxc3 e5 21. Nd5 Bxd5 22. cxd5 b5 1/2-1/2